Music Quiz

Random Music or Song Quiz

Metallica Top 20 Songs Quiz Stats

Quiz not verified by Sporcle

Challenge
Share
Tweet
Embed
Score 0/20 Timer 06:00
0 Plays Today
% Correct
1. Enter Sandman (154 million plays)
97.6%
3. Master of Puppets (81 million plays)
94.5%
5. One (62 million plays)
94.1%
2. Nothing Else Matters (135 million plays)
88.6%
4. The Unforgiven (70 million plays)
88.6%
18. The Unforgiven II (18,1 million plays)
88.6%
8. Fade to Black (43 million plays)
78.4%
7. For Whom the Bell Tolls (44 million plays)
77.6%
13. Battery (21,5 million plays)
77.3%
9. Sad But True (40 million plays)
76.5%
% Correct
20. Seek & Destroy (16,6 million plays)
75.3%
14. Fuel (20,6 million plays)
74.5%
10. Hardwired (32,2 million plays)
66.3%
11. Wherever I May Roam (28,3 million plays)
65.1%
19. Welcome Home (Sanitarium) (16,7 million plays)
63.9%
12. Moth Into Flame (26,6 million plays)
54.9%
6. Whiskey in the Jar (59 million plays)
47.5%
16. Atlas, Rise! (19,6 million plays)
47.1%
15. The Day That Never Comes (19,8 million plays)
43.1%
17. Turn the Page (18,4 million plays)
30.2%

You're not logged in!

Compare scores with friends on all Sporcle quizzes.
Sign Up with Email
OR
Log In

You Might Also Like...

Show Comments

Extras

Top Quizzes Today


Score Distribution

Your Account Isn't Verified!

In order to create a playlist on Sporcle, you need to verify the email address you used during registration. Go to your Sporcle Settings to finish the process.